000 01054nam a22002897a 4500
001 BR8201979
003 BR-BrBNA
005 20230928091307.0
007 ta
008 230509b bl.||||| |||| 00| 0 por d
040 _aBR-BrBNA
_bpor
_cBiblioteca Nacional de Agricultura
041 _a(Por)
072 _aQ20
_b9000
090 _ 9000 BR8201979
100 1 _aErnandez, D.
110 1 _aUniversidade Federal Rural do Rio de Janeiro, Itaguai (Brasil)
_0Tese (Mestre em Ciencia e Tecnologia de Alimentos)
_911225
245 1 _aCaracterizacao de sorotipos enterotoxicos de Escherichia coli em alimentos [Bacteria; Microbiologia de alimento]
246 1 _a[Characterization of enterotoxic sorotypes of escherichia coli in food [Bacterium; Food microbiology]]
260 3 _aItaguai, RJ (Brasil):
_c1982.
300 _a87 p.
500 _a11 tables; Bibliography p. 75-87 (85 ref.); Summaries (Eng, Por)
650 _aFERMENTACAO INDUSTRIAL
650 _aBACTERIA
650 _aALIMENTO
909 _a202309
_bLucia
_c55
_dLucia Elande
942 _cBK
999 _c33246
_d33246